000 00459nam a2200157Ia 4500
999 _c22169
_d22169
003 OSt
005 20200519095852.0
008 190216s9999||||xx |||||||||||||| ||und||
040 _coclc
082 _a297
_bMOU/R
100 _aMoulavi, C N Ahmed
_91885
245 0 _aReligion Of Islam /
_cC N Ahmed Moulavi
260 _bParasparasahayi Co-Op Printing & Publish.
_c1979.
300 _a349p
942 _cBK
_2ddc
_h297
_iMOU/R
_k297
_mMOU/R